[Event "CZE-ch Amateur"]
[Site "Hluk"]
[Date "2023.05.10"]
[Round "7"]
[White "Hrbacek, Miroslav"]
[Black "Vanek, Ladislav"]
[Result "1/2-1/2"]
[WhiteElo "1857"]
[BlackElo "2165"]
[PlyCount "93"]
[EventDate "2023.05.06"]
[EventType "swiss"]
[EventRounds "9"]
[EventCountry "CZE"]
[SourceTitle "CBM 214 Extra"]
[Source "ChessBase"]
[SourceDate "2023.07.31"]
[SourceVersion "1"]
[SourceVersionDate "2023.07.31"]
[SourceQuality "1"]

1. e4 d5 2. exd5 Qxd5 3. Nc3 Qa5 4. d4 Nf6 5. Bc4 Bg4 6. f3 Bf5 7. Nge2 e6 8. Bd2 c6 9. Bb3 Qd8 10. g4 Bg6 11. Bg5 h6 12. Bh4 Be7 13. Qd2 b5 14. 0-0-0 Nbd7 15. Bg3 b4 16. Na4 Nd5 17. h4 N7b6 18. Rhe1 Bxh4 19. f4 Bxg3 20. Nxg3 Qh4 21. f5 Bh7 22. Ne4 Qxg4 23. Nd6+ Ke7 24. fxe6 fxe6 25. Nxb6 axb6 26. Bxd5 Qg5 27. Rxe6+ Kd7 28. Qxg5 hxg5 29. Bb3 Bg8 30. Rg6 Bxb3 31. cxb3 Rh6 32. Rxh6 gxh6 33. Nc4 Rg8 34. Rh1 Rh8 35. Ne5+ Ke6 36. Ng6 Ra8 37. Rxh6 Rxa2 38. Ne5+ Kd5 39. Nxc6 Ra1+ 40. Kc2 Rg1 41. Nxb4+ Kxd4 42. Nc6+ Ke4 43. Rg6 g4 44. Kc3 g3 45. Rg4+ Kf5 46. Rg7 Rc1+ 47. Kb4 1/2-1/2

[Event "CZE-chT2F 1819"]
[Site "Czech Republic"]
[Date "2019.03.31"]
[Round "11.5"]
[White "Hrbacek, Miroslav"]
[Black "Vaclavik, David"]
[Result "0-1"]
[WhiteElo "1940"]
[BlackElo "1997"]
[PlyCount "96"]
[EventDate "2018.10.14"]
[EventType "team-tourn"]
[EventRounds "11"]
[EventCountry "CZE"]
[SourceTitle "EXT 2022"]
[Source "ChessBase"]
[SourceDate "2021.10.06"]
[SourceVersion "1"]
[SourceVersionDate "2021.10.06"]
[SourceQuality "1"]
[WhiteTeam "Vrbno pod Pradedem"]
[BlackTeam "Poruba Slavoj III"]
[WhiteTeamCountry "CZE"]
[BlackTeamCountry "CZE"]

1. e4 c5 2. c4 Nc6 3. Nf3 g6 4. Nc3 Bg7 5. Be2 Nf6 6. d3 0-0 7. 0-0 d6 8. Be3 Ng4 9. Bf4 a6 10. h3 Nge5 11. Qd2 Nxf3+ 12. Bxf3 Nd4 13. Bd1 Re8 14. Bh6 Bh8 15. f4 e6 16. Bg5 Qc7 17. Ba4 Bd7 18. Bxd7 Qxd7 19. Rad1 b5 20. b3 Reb8 21. Bh4 a5 22. cxb5 Nxb5 23. Nxb5 Qxb5 24. f5 exf5 25. exf5 Qb4 26. Bg3 Qxd2 27. Rxd2 Rb6 28. Re2 Bd4+ 29. Kh2 a4 30. fxg6 hxg6 31. Re7 axb3 32. axb3 f6 33. Rb1 Ra3 34. Rc7 Raxb3 35. Rxb3 Rxb3 36. Bxd6 Rxd3 37. h4 Rc3 38. Re7 c4 39. g4 Re3 40. Rc7 c3 41. h5 gxh5 42. gxh5 Re2+ 43. Kg3 c2 44. Kf3 Re3+ 45. Kf4 Rc3 46. Rxc3 Bxc3 47. Ba3 Bd2+ 48. Kf5 Kf7 0-1

[Event "CZE-chT2F 1819"]
[Site "Czech Republic"]
[Date "2018.11.18"]
[Round "3.6"]
[White "Hrbacek, Miroslav"]
[Black "Didi, Jan"]
[Result "0-1"]
[WhiteElo "1957"]
[BlackElo "2015"]
[PlyCount "116"]
[EventDate "2018.10.14"]
[EventType "team-tourn"]
[EventRounds "11"]
[EventCountry "CZE"]
[SourceTitle "EXT 2022"]
[Source "ChessBase"]
[SourceDate "2021.10.06"]
[SourceVersion "1"]
[SourceVersionDate "2021.10.06"]
[SourceQuality "1"]
[WhiteTeam "Vrbno pod Pradedem"]
[BlackTeam "Ostrava Labortech II"]
[WhiteTeamCountry "CZE"]
[BlackTeamCountry "CZE"]

1. e4 c5 2. Nf3 e6 3. c4 Nc6 4. Nc3 d6 5. d4 cxd4 6. Nxd4 Nf6 7. Be2 Be7 8. 0-0 0-0 9. Be3 a6 10. Qd2 Bd7 11. Rfd1 Rc8 12. f4 Qc7 13. Rac1 Qb8 14. b3 Rfd8 15. Bf3 b5 16. cxb5 Nxd4 17. Qxd4 axb5 18. Qb6 h6 19. a4 b4 20. Ne2 e5 21. Qxb8 Rxb8 22. h3 Be6 23. fxe5 dxe5 24. Rxd8+ Rxd8 25. a5 Bxb3 26. Rc7 Bd6 27. Rb7 Bc4 28. Nc1 Rb8 29. Rxb8+ Bxb8 30. Bd1 Nxe4 31. Bb3 Ba6 32. Bc2 Nc3 33. Bc5 Nd5 34. Bb3 Nf4 35. Bxb4 Ba7+ 36. Kh2 Be3 37. Na2 Bf1 38. Bd6 Nxg2 39. Bxe5 Nh4 40. Bd5 Nf5 41. Nb4 Nd4 42. a6 Nb5 43. Bb7 f5 44. Nd5 Bc5 45. Nc7 Nxc7 46. Bxc7 Ba7 47. Bc8 Bd3 48. Kg2 Kf7 49. Bg3 Be4+ 50. Kf1 Ke7 51. Bf2 Bxf2 52. Kxf2 Kd8 53. Be6 Kc7 54. Ke3 g5 55. Kd4 h5 56. Ke5 g4 57. hxg4 hxg4 58. Kf4 Bd3 0-1

[Event "CZE-chT2F 1213"]
[Site "Czech Republic"]
[Date "2013.03.24"]
[Round "11.54"]
[White "Trombik, Karel"]
[Black "Hrbacek, Miroslav"]
[Result "1-0"]
[WhiteElo "2044"]
[BlackElo "1996"]
[PlyCount "45"]
[EventDate "2012.10.14"]
[EventType "team-tourn"]
[EventRounds "11"]
[EventCountry "CZE"]
[SourceTitle "EXT 2016"]
[Source "ChessBase"]
[SourceDate "2015.10.08"]
[SourceVersion "1"]
[SourceVersionDate "2015.10.08"]
[SourceQuality "1"]
[WhiteTeam "Orlova Slavia II"]
[BlackTeam "Albrechtice"]
[WhiteTeamCountry "CZE"]
[BlackTeamCountry "CZE"]

1. Nf3 d5 2. c4 c6 3. b3 Nf6 4. Bb2 Nbd7 5. g3 g6 6. Bg2 Bg7 7. 0-0 0-0 8. d3 Qb6 9. Nbd2 Re8 10. Qc2 h6 11. Rab1 a6 12. h3 Nh5 13. Bxg7 Kxg7 14. e3 Kg8 15. Rfe1 Qc7 16. Qc3 Qd6 17. e4 Qa3 18. Qc2 dxe4 19. Nxe4 Nc5 20. Nxc5 Qxc5 21. d4 Qf5 22. Qc3 Qf6 23. Rbd1 1-0

[Event "Moravia-Silesia Region-chT 0708"]
[Site "Czech Republic"]
[Date "2008.02.24"]
[Round "8.4"]
[White "Ockay, Tomas"]
[Black "Hrbacek, Miroslav"]
[Result "1/2-1/2"]
[WhiteElo "2113"]
[BlackElo "1995"]
[PlyCount "50"]
[EventDate "2007.10.28"]
[EventType "team-tourn"]
[EventRounds "11"]
[EventCountry "CZE"]
[SourceTitle "EXT 2024"]
[Source "ChessBase"]
[SourceDate "2023.10.10"]
[SourceVersion "1"]
[SourceVersionDate "2023.10.10"]
[SourceQuality "1"]

1. Nf3 d5 2. b3 c5 3. e3 Nf6 4. Bb2 e6 5. Be2 Nc6 6. 0-0 Be7 7. d4 0-0 8. c4 b6 9. Nbd2 Bb7 10. cxd5 Nxd5 11. dxc5 Bxc5 12. Ne4 Be7 13. Bb5 a6 14. Bc4 Na5 15. Bxd5 Qxd5 16. Qxd5 Bxd5 17. Nc3 Bxf3 18. gxf3 Bf6 19. Rac1 Rac8 20. Na4 Bxb2 21. Nxb2 h6 22. Nd3 Nc6 23. Rc3 Nd4 24. Rxc8 Ne2+ 25. Kg2 Rxc8 1/2-1/2